Morphologische und Experimentelle Untersuchungen ueber das Sympathische Nervensystem

Elmentve itt :
Bibliográfiai részletek
Szerző: Kiss Ferenc
Dokumentumtípus: Cikk
Megjelent: 1937
Sorozat:Kolligátum
Kulcsszavak:Ideggyógyászat - tanulmány
Online Access:http://misc.bibl.u-szeged.hu/27289
LEADER 00588nab a2200169 i 4500
001 misc27289
005 20191111110448.0
008 170824s1937 hu o 0|| zxx d
040 |a SZTE Miscellanea Repozitórium  |b hun 
041 |a zxx 
100 1 |a Kiss Ferenc 
245 1 0 |a Morphologische und Experimentelle Untersuchungen ueber das Sympathische Nervensystem  |h [elektronikus dokumentum] /  |c  Kiss Ferenc 
260 |c 1937 
300 |a 212-214 
490 0 |a Kolligátum 
695 |a Ideggyógyászat - tanulmány 
856 4 0 |u http://misc.bibl.u-szeged.hu/27289/1/020_004_212-214.pdf  |z Dokumentum-elérés